Loading...
| Current Events | 1 | 10.00 | 100% | 0% | 0% |
| Fine Arts - Classical Music | 4 | 10.00 | 100% | 0% | 0% |
| Fine Arts - Other | 1 | 10.00 | 100% | 0% | 0% |
| Fine Arts - Painting and Sculpture | 2 | 10.00 | 100% | 0% | 0% |
| Geography | 3 | 13.33 | 100% | 33% | 0% |
| History - American | 1 | 20.00 | 100% | 100% | 0% |
| History - European | 3 | 20.00 | 100% | 100% | 0% |
| History - Other | 1 | 10.00 | 100% | 0% | 0% |
| History - World | 2 | 10.00 | 100% | 0% | 0% |
| Literature - Poetry | 3 | 13.33 | 100% | 33% | 0% |
| Literature - Short Fiction | 1 | 0.00 | 0% | 0% | 0% |
| Other Academic | 3 | 13.33 | 100% | 33% | 0% |
| Philosophy | 1 | 10.00 | 0% | 100% | 0% |
| Religion | 1 | 10.00 | 100% | 0% | 0% |
| Science - Biology | 2 | 5.00 | 50% | 0% | 0% |
| Science - Chemistry | 5 | 6.00 | 60% | 0% | 0% |
| Science - Other | 2 | 10.00 | 50% | 50% | 0% |
| Science - Physics | 4 | 2.50 | 25% | 0% | 0% |
| Short Fiction and Other | 1 | 0.00 | 0% | 0% | 0% |
| Social Science | 3 | 3.33 | 33% | 0% | 0% |